000
00260nam a2200121 a 4500
005
20141022142005.0
008
080922s19uu xx 00 eng d
050
_a
VCD
_b
M11 1993
245
_a
Macbeth.
650
_a
VCD.
650
_a
Macbeth.
942
_c
AVM
999
_c
276463
_d
276463